Proofs and types

Αποθηκεύτηκε σε:
Λεπτομέρειες βιβλιογραφικής εγγραφής
Κύριος συγγραφέας: Girard, Jean-Yves
Άλλοι συγγραφείς: Lafont, Yves (Μεταφραστής), Taylor, Paul D. (Μεταφραστής)
Μορφή: Βιβλίο
Γλώσσα:English
Δημοσίευση: Cambridge : Cambridge University Press, 1990.
Σειρά:Cambridge tracts in theoretical computer science ; 7
Θέματα:
Ετικέτες: Προσθήκη ετικέτας
Δεν υπάρχουν, Καταχωρήστε ετικέτα πρώτοι!

MARC

LEADER 00000cam a2200000 i 4500
001 1/37815
008 941103s1990####enk| ||| |||| ||eng||
020 |a 0521371813 
035 |a 1993  |c ΠΑΝΑΓΙΩΤΟΠΟΥΛΟΣ  |l 10040608 
040 |a GR-MyUA  |b gre  |e AACR2 
041 0 |a eng 
082 7 |a 006.3   |2 (22) 
100 1 |a Girard, Jean-Yves. 
245 1 0 |a Proofs and types /   |c Jean-Yves Girard ; translated and with appendices by Paul Taylor and Yves Lafont.  
260 |a Cambridge :   |b Cambridge University Press,   |c 1990. 
300 |a 176 σ. ;   |c 25 εκ. 
490 1 |a (Cambridge tracts in theoretical computer science   |v ; 7)  
504 |a Περιλαμβάνει βιβλιογραφικές παραπομπές και ευρετήριο. 
650 0 |a Logic. 
650 0 |a Artificial intelligence. 
700 1 |a Lafont, Yves,  |e trl 
700 1 |a Taylor, Paul D.  |e trl 
830 0 |a Cambridge tracts in theoretical computer science ;  |v  7 
852 |a INST  |b SAMOS  |e 19941103  |h 006.3 GIR  |p 005300004367  |q 005300004367  |t BK  |y 0